Donna Lucia Morgano e lo Zum Kater Hiddigeigei : la cultura dell'ospitalità a Capri = the culture of hospitality in Capri.

Guardat en:
Dades bibliogràfiques
Format: Llibre
Idioma:anglès
italià
Publicat: Capri : La conghiglia, 2002
Col·lecció:Astrea ; 3
Matèries:
Etiquetes: Afegir etiqueta
Sense etiquetes, Sigues el primer a etiquetar aquest registre!

MARC

LEADER 00000nam a2200000 i 4500
001 IT\ICCU\CFI\0542704
003 ItRI
005 20250911153300.0
008 021202s2002 it |||||| ||||| |||||c
015 |2 IT  |a 2003-5047 
020 |a 8886443463 
040 |b ita  |c ct 
041 7 |a eng  |a ita  |2 ISO-639-2 
082 |a 945.73  |2 21 
245 0 0 |a Donna Lucia Morgano e lo Zum Kater Hiddigeigei :  |b la cultura dell'ospitalità a Capri = the culture of hospitality in Capri. 
260 |a Capri :  |b La conghiglia,  |c 2002 
300 |a 127 p. :  |b ill. ;  |c 18X20 cm. 
650 7 |a Capri  |x Caffè Zum Kater Hiddigeigei  |2 scbi 
650 7 |a Capri  |x Vita artistica e culturale  |x 1880-1940  |2 scbi 
830 0 |a Astrea ;  |v 3  |0 IT\ICCU\CFI\0523704 
942 |2 ddc  |c BK 
952 |0 0  |1 0  |2 ddc  |4 0  |7 0  |9 8975  |a MI  |b MI  |d 2010-01-20  |i 5773  |l 0  |p CDOM5773  |r 2025-07-17 21:50:00  |w 2025-07-17  |x ACQUISTO  |y BK 
981 1 |6 z01  |a i   |b xxxe  
982 1 |6 z01  |a n 
999 |c 7467  |d 7467